Η ελκυστικότητα ενός τουριστικού προορισμού: προσδιορισμός και τρόπος μέτρησης : μεταπτυχιακή εργασία
Αποθηκεύτηκε σε:
| Κύριος συγγραφέας: | |
|---|---|
| Συγγραφή απο Οργανισμό/Αρχή: | |
| Άλλοι συγγραφείς: | |
| Μορφή: | Thesis Βιβλίο |
| Γλώσσα: | Greek |
| Δημοσίευση: |
2002
|
| Θέματα: | |
| Ετικέτες: |
Προσθήκη ετικέτας
Δεν υπάρχουν, Καταχωρήστε ετικέτα πρώτοι!
|
MARC
| LEADER | 00000cam a2200000 i 4500 | ||
|---|---|---|---|
| 001 | 1/30704 | ||
| 008 | 030116s2002 gre d | ||
| 035 | |l 10069027 | ||
| 040 | |a GR-MY-UA |b gre |e aacr | ||
| 041 | 0 | |a gre | |
| 082 | 0 | |a 338.4791 |2 (22) | |
| 100 | 1 | |a Ζαμπετάκη, Μαρία. | |
| 245 | 1 | 2 | |a Η ελκυστικότητα ενός τουριστικού προορισμού: προσδιορισμός και τρόπος μέτρησης : |b μεταπτυχιακή εργασία / |c Ζαμπετάκη Μαρία ; επιβλέπων: Αγγελής Β. |
| 260 | |c 2002 | ||
| 300 | |a 96 σ.; |b διαγρ., πίν.; |c 30 εκ. | ||
| 502 | # | # | |a Διατριβή (μεταπτυχιακή) – Πανεπιστήμιο Αιγαίου, Χίος, 2002. |
| 504 | |a Περιλαμβάνει βιβλιογραφία | ||
| 610 | 2 | 0 | |a Πανεπιστήμιο Αιγαίου. |
| 650 | 0 | 0 | |a Tourism. |
| 650 | 0 | 0 | |a Package tours. |
| 650 | 0 | 0 | |a Dissertations, Academic |z Greece. |
| 700 | 1 | |a Αγγελής, Βασίλης. |4 ths | |
| 710 | 2 | |a Πανεπιστήμιο Αιγαίου |b Σχολή Επιστημών της Διοίκησης |b Τμήμα Διοίκησης Επιχειρήσεων |b Πρόγραμμα Μεταπτυχιακών Σπουδών "Σχεδιασμός, Διοίκηση και Πολιτική του Τουρισμού". | |
| 852 | |a INST |b CHIOS |c DIATR |e 20030116 |h 338.4791 ZAM |p 005200013563 |q 005200013563 |t MTXE |y 23 | ||
| 901 | |a BIBL2-2003-1 | ||
| 901 | |a BIBL2-2005-3 | ||
| 909 | |a Χ |b 102697 | ||
| 924 | |a ΖΑΜΠΕΤΑΚΗ |b ΜΑΡΙΑ |y ΧΙΟΣ |z 2002-01 | ||
| 970 | |a ΧΑΖΙΡΗ |b ΑΝΝΑ |z 2003/01/16 | ||